Panayi and another v Roberts (Record no. 43611)
[ view plain ]
| 000 -LEADER | |
|---|---|
| fixed length control field | 01117cab a2200217 4500 |
| 001 - CONTROL NUMBER | |
| control field | ABS49005 |
| 008 - FIXED-LENGTH DATA ELEMENTS--GENERAL INFORMATION | |
| fixed length control field | 090401t1993 xxu||||| |||| 00| 0 eng d |
| 035 ## - SYSTEM CONTROL NUMBER | |
| System control number | (Sirsi) u69441 |
| 041 ## - LANGUAGE CODE | |
| Language code of text/sound track or separate title | eng |
| 245 ## - TITLE STATEMENT | |
| Title | Panayi and another v Roberts |
| 260 ## - PUBLICATION, DISTRIBUTION, ETC. | |
| Date of publication, distribution, etc. | 1993 |
| 350 ## - PRICE (NR) (BK AM CF MU VM SE) [OBSOLETE] | |
| Price | 0 |
| 490 ## - SERIES STATEMENT | |
| Series statement | Estates Gazette |
| Volume/sequential designation | (1993) 28 EG 125-126(2) |
| 520 ## - SUMMARY, ETC. | |
| Summary, etc. | CA 18 March 1993. P, the respondents, were landlords who had granted R a tenancy of at least one year in Nov 1990. In the following November, notice was given of a new assured shorthold tenancy of six months minimum. P served R notice to quit in May 1992, and was awarded possession by the county court. R appealed claiming the date of termination was incorrect, and that the notice did not conform to the requirements prescribed by the Assured Tenancies and Agricultural Occupancies (Forms) Regulations 1988. CA agreed. |
| 650 ## - SUBJECT ADDED ENTRY--TOPICAL TERM | |
| Topical term or geographic name entry element | ASSURED SHORTHOLD TENANCIES |
| 650 ## - SUBJECT ADDED ENTRY--TOPICAL TERM | |
| Topical term or geographic name entry element | ASSURED TENANCIES & AGRICULTURAL OCCUPANCIES (FORMS) REGS |
| 650 ## - SUBJECT ADDED ENTRY--TOPICAL TERM | |
| Topical term or geographic name entry element | SI 1988:2203 |
| 690 ## - LOCAL SUBJECT ADDED ENTRY--TOPICAL TERM (OCLC, RLIN) | |
| Topical term or geographic name as entry element | LANDLORD AND TENANT-CASE LAW-RESIDENTIAL TENANCIES |
| 942 ## - ADDED ENTRY ELEMENTS (KOHA) | |
| Suppress in OPAC | 0 |
| 948 ## - LOCAL PROCESSING INFORMATION (OCLC); SERIES PART DESIGNATOR (RLIN) | |
| c (OCLC) | 04/03/1997 |
| Withdrawn status | Lost status | Source of classification or shelving scheme | Damaged status | Not for loan | Home library | Current library | Shelving location | Date acquired | Total Checkouts | Full call number | Barcode | Date last seen | Copy number | Price effective from | Koha item type |
|---|---|---|---|---|---|---|---|---|---|---|---|---|---|---|---|
| Dewey Decimal Classification | London | London | Journal article | 14/09/1999 | ABS49005 | 69441-1001 | 06/08/2019 | 1 | 06/08/2019 | Law report |